000 00468nam a2200193Ia 4500
005 20240823043919.0
008 240823s9999||||xx |||||||||||||| ||und||
020 _a0-333-79374-9
041 _aENGLISH
082 _A658.4012 P5
100 _aPhilippe Lasserre
245 0 _aGlobal Strategic Management
250 _a1st
260 _c2005
_bPalgrave macm
500 _aTRANSFERED
650 _aManagement
_bManagement Studies
942 _cBK
999 _c211338
_d211338